MDQL
is popping MORE tags! Check the
thread
!
Quizzes
Events
Quiz Creation
Community
Videos
Private Events
Remove Ads
Sign In
Join for FREE
Feedback
Dark Mode
Quiz Categories
Sports
Geography
Music
Movies
Television
Just For Fun
Miscellaneous
History
Literature
Language
Science
Gaming
Entertainment
Religion
Holiday
For Kids
Quiz Lab
Recent
Popular Today
Quiz Kudos Today
Editor Picks
Curator Picks
Quizzes by...
Day
Popularity
Type
Ratings
Length
Year
Community
Subscriptions
Recent Discussions
Orange Saloon
Badges
Playlists
Quests
Create
Leaderboards
Showdown
Live 5
Trivia Bingo
Activity
Puzzle Library
Sporcle Events
Private Events
Virtual Trivia
Globe League
Become a Host
Pub Owners
SporcleCon
Opinionation
Our Games
Videos
Blog
Mobile Apps
Partnerships
Remove Ads and Go Orange
Feedback
Sports
Athletes
MLB
NBA
NHL
NFL
Soccer
Sports Teams
WWE
NCAA
Football
Premier League
Basketball
Baseball
Hockey
Golf
Tennis
Cricket
Rugby
Auto Racing
Olympics
World Cup
Sports
Athletes
MLB
NBA
NHL
NFL
Soccer
Sports Teams
WWE
NCAA
Football
Premier League
Basketball
Baseball
Hockey
Golf
Tennis
Cricket
Rugby
Auto Racing
Olympics
World Cup
Random Quiz
Search Sporcle
×
Quiz Lab
Quiz Lab
Sports
Italian
Type in answers that appear in a list
Type in answers that appear in a list
Classic
Best Score? Go Orange.
Italian players with 20+ caps (150 most capped players) Stats
Can you name Italian players with 20+ appearances for national team ? (Up to end of WC 2014)
By
Torres35
20m
153 Questions
629 Plays
629 Plays
629 Plays
Comments
Comments
Give Quiz Kudos
Give Quiz Kudos
-
- Ratings
hide this ad
Replay
Link that replays current quiz
Next Quiz
Link to next quiz in quiz playlist
You Got
0%
They Got
Avg Score
42%
Avg Friend Score
Upgrade to see
Score Distribution
Jump to the score distribution portion of the page
Score
0/153
Timer
20:00
0
Plays Today
Caps
Player
% Correct
142
Gianluigi Buffon
99%
126
Paolo Maldini
97.8%
22
Cesare Maldini
97.8%
97
Daniele De Rossi
94.6%
58
Francesco Totti
92.5%
136
Fabio Cannavaro
92.2%
91
Alessandro Del Piero
91.9%
111
Andrea Pirlo
91.5%
78
Alessandro Nesta
88.3%
48
Paolo Rossi
87.5%
30
Giuseppe Rossi
87.5%
71
Giorgio Chiellini
87.4%
59
Dino Baggio
86.6%
56
Roberto Baggio
86.6%
112
Dino Zoff
86.3%
73
Gennaro Gattuso
84.8%
98
Gianluca Zambrotta
84%
57
Filippo Inzaghi
84%
33
Mario Balotelli
83.5%
38
Leonardo Bonucci
82.7%
81
Franco Baresi
81.3%
47
Luca Toni
80.7%
49
Christian Vieri
80.2%
50
Andrea Barzagli
77.5%
41
Marco Materazzi
75.9%
48
Fabio Grosso
74.3%
59
Alessandro Costacurta
73.3%
55
Mauro Camoranesi
72.2%
28
Francesco Toldo
71.4%
59
Gianluca Vialli
69.6%
39
Antonio Cassano
69%
31
Angelo Peruzzi
67.3%
78
Demetrio Albertini
66.3%
39
Gianluca Pagliuca
65.8%
35
Gianfranco Zola
65.8%
47
Claudio Marchisio
65.2%
42
Antonio Di Natale
65%
57
Alberto Gilardino
64.2%
20
Antonio Conte
63.7%
35
Massimo Ambrosini
63.4%
36
Roberto Mancini
62.6%
42
Luigi Riva
61%
63
Roberto Donadoni
59.9%
60
Gianni Rivera
59.4%
53
Giuseppe Meazza
59.4%
40
Vincenzo Iaquinta
59.4%
81
Giuseppe Bergomi
59.1%
48
Simone Perrotta
58.6%
58
Riccardo Montolivo
58%
31
Luigi Di Biagio
55.9%
58
Walter Zenga
55.1%
Caps
Player
% Correct
40
Angelo Di Livio
54.5%
25
Carlo Ancelotti
54.3%
30
Pietro Rava
54%
57
Christian Panucci
53.8%
49
Ciro Ferrara
53.7%
81
Marco Tardelli
52.9%
34
Massimo Oddo
52.7%
20
Vincenzo Montella
51%
94
Giacinto Facchetti
49.8%
78
Gaetano Scirea
49.8%
22
Fabrizio Ravanelli
49.7%
70
Sandro Mazzola
49%
47
Bruno Conti
48.9%
20
Ignazio Abate
48.9%
31
Leopoldo Conti
48.6%
61
Alessandro Altobelli
48.2%
22
Gianluca Pessotto
47.4%
25
Fabio Quagliarella
45.7%
28
Giuseppe Signori
44.7%
34
Roberto Di Matteo
44.2%
22
Marco Delvecchio
43.9%
71
Claudio Gentile
42.5%
22
Antonio Candreva
42.5%
32
Fabio Capello
41.7%
45
Pietro Vierchowod
41.2%
73
Antonio Cabrini
40.9%
34
Silvio Piola
40.6%
44
Pierluigi Casiraghi
39.8%
23
Thiago Motta
39.5%
25
Damiano Tommasi
39%
35
Alberto Aquilani
38.8%
39
Nicola Berti
38.3%
64
Francesco Graziani
36.9%
38
Stefano Fiore
35.9%
47
Giuseppe Giannini
35.6%
42
Roberto Bettega
33.5%
34
Christian Maggio
31.9%
22
Roberto Boninsegna
31.9%
66
Tarcisio Burgnich
31.8%
44
Giovanni Ferrari
30.4%
54
Fernando De Napoli
30.2%
23
Simone Pepe
30.2%
70
Giancarlo Antognoni
30%
23
Antonio Benarrivo
29.9%
63
Franco Causio
29.6%
50
Fulvio Collovati
29.2%
38
Giampiero Boniperti
28.8%
25
Diego Fuser
28.4%
45
Riccardo Ferri
27.8%
25
Giampaolo Pazzini
26.5%
34
Enrico Albertosi
25.4%
Caps
Player
% Correct
28
Gabriele Oriali
25.4%
35
Raimundo Orsi
24.1%
23
Aldo Serena
23.6%
38
Giuseppe Dossena
22.7%
33
Angelo Domenghini
20.9%
47
Gianpiero Combi
20.6%
22
Domenico Criscito
20.6%
36
Luigi De Agostini
19.8%
55
Romeo Benetti
18.2%
25
Pietro Anastasi
18.2%
22
Angelo Palombo
18.2%
28
Attilio Ferraris
16.9%
40
Salvatore Bagni
16.5%
29
Giancarlo De Sisti
16.3%
20
Stefano Eranio
15.8%
36
Sandro Salvadore
14.9%
37
Roberto Rosato
14.7%
29
Giacomo Bulgarelli
14.5%
21
Angelo Schiavio
13.6%
59
Umberto Caligaris
12.6%
23
Mario Corso
12.3%
21
Ivano Bordon
12.3%
52
Virginio Rosetta
12.1%
21
Aristide Guarneri
10.5%
32
Mauro Bellugi
10.4%
47
Adolfo Baloncieri
10.1%
20
Giampiero Marini
10.1%
25
Renato Zaccarelli
9.1%
22
Ugo Locatelli
9.1%
25
Gino Colaussi
7.7%
33
Eraldo Monzeglio
7.5%
43
Renzo De Vecchi
7.2%
25
Mario Bertini
7.2%
23
Alfredo Foni
7.2%
23
Luigi Allemandi
6.7%
21
Bruno Mora
5.6%
27
Michele Andreolo
5.1%
26
Fulvio Bernardini
4.6%
24
Aldo Olivieri
4.6%
29
Luigi Cevenini
3.8%
26
Luigi Bertolini
3.2%
23
Antonio Janni
2.2%
20
Ardico Magnini
2.2%
29
Mario Magnozzi
1.9%
21
Egisto Pandolfini
1.9%
28
Sergio Cervato
1.8%
20
Armando Segato
1.8%
28
Virgilio Felice Levratto
1.6%
29
Alfredo Pitto
1.4%
21
Ottavio Barbieri
1.3%
23
Raffaele Costantino
1.1%
Quiz Playlist
Details
Report
Send in Message
Add To Playlist
Classic:
Type in answers that appear in a list
Last Updated: Feb 16, 2017
Quiz Scoreboard
CHALLENGE
Sign Up to Join the Scoreboard
Show All
Scores
Hide
Comments
May contain spoilers
Recently Published
Two Season TV Shows II
by 123Four
Television
10m
Image Sorting: Flags VI
by Barbecue
Geography
2m
Find the 'City' Movie
by crazypaving
Movies
60s
More to Explore
Quiz From the Vault
Featured Blog Post
14 Easter Pick-up Lines to Find Eggs With
hide this ad
You Might Also Like...
Tags
Italian Quiz
150
2014
appearance
cap
Capped
end
national
Player
team
Today's Top Quizzes in Sports
Browse Sports
hide this ad
Today's Top Quizzes in Italian
Browse Italian
Top Contributed Quizzes in Sports
1
Les meilleurs buteurs des matchs entre le PSG et l’OM
2
Les entraîneurs de l'OM et du PSG au 21e siècle
3
2022 World Cup Stars
4
Les joueurs passés par le PSG et l'OM
5
Players with Multiple 50 Home Run Seasons
6
FIFA Club World Cup Champions
7
Criteria MLB: Left Handed Sluggers
8
Les joueurs passés par le LOSC et le RC Lens
9
Top 10 NHL Goal Scorers of All Time
10
MLB Players with Two .350 Batting Average Seasons
Explore More
Trending Topics
Kpop
NBA
Disney
Anime
Marvel
Crossword
Harry Potter
The Office
Song
Country
NFL
WWE
Soccer
Pokémon
Puzzle
hide this ad
More By:
Torres35
Quiz
Plays
Rating
Category
Featured
Created
NBA: Western or Eastern Conference?
57,447
4.23
Sports
Jan 8, 2015
NBA Winners Starting 5 (Since 1969)
4,436
4.76
Sports
Jul 1, 2014
NBA season scoring leaders
3,489
4.71
Sports
Jan 11, 2015
Chicago Bulls Winning 5s
2,386
4.45
Sports
Jan 9, 2015
Euroleague Winners Starting 5s
2,166
4.00
Sports
May 17, 2015
Go to Creator's Profile
Score Distribution
Quiz Creator Spotlight
Torres35
Follow
Send a Message
Quizzes Created
-
Created Quiz Play Count
-
More By This Creator
Popular Quizzes Today
1
Find the US States - No Outlines Minefield
2
Colored Red Africa Blitz
3
Find the 'City' Movie
4
5x2 Blitz: Bands
5
The Countries of the World
6
Find the Countries of Europe - No Outlines Minefield
7
Find the US States
8
US States
More Sports Quizzes
F1 Driver Successful Team Debuts
Quiz Lab
Trending Quizzes
Colored Red Europe Blitz I
Colored Red Africa Blitz II
Colored Red Europe Blitz II
Colored Red Africa Blitz III
Colored Red Europe Blitz III
Recently Updated
How Do You Spell That?
pecheneg
Godzilla Movies
pecheneg
Grab Bag: 4-10 Letters
pecheneg
2024 March Madness Bracket
pecheneg
Famous TV Couples
Peacemaker
Champions League XIs: Real Madrid
pecheneg
Largest US Cities 1790-2010
pecheneg
Rides in Walt Disney World
pecheneg
Most Oscar Losses (Acting)
pecheneg
Beyoncé Albums
pecheneg
Trending Topics
Disney
Crossword
NBA
Harry Potter
Anime
Kpop
Marvel
The Office
Pokémon
NFL
WWE
Puzzle
Country
Song
Soccer
Your Account Isn't Verified!
In order to create a playlist on Sporcle, you need to verify the email address you used during registration. Go to your
Sporcle Settings
to finish the process.
Report this User
Report this user for behavior that violates our
Community Guidelines
.
Details:
Send Report
Go to the Sporcle.com Mobile Site →
Comments